| 000 | 00651nam a22002057a 4500 | ||
|---|---|---|---|
| 005 | 20260415082513.0 | ||
| 008 | 240624b mx |||||||| |||| 00| 0 spa d | ||
| 020 | _a9786070944055 | ||
| 050 | 0 | 4 |
_aKGF4447.M34 _bG37 2024 |
| 100 | 1 | _aGarcía Garduza, Ismael | |
| 245 | 1 | 0 |
_aMedicina legal _b : mala práctica médica y juicio oral _c / Ismael García Garduza |
| 250 | _a3a ed. | ||
| 260 |
_aCiudad de México : _bPorrúa, _c2024 |
||
| 300 |
_a426 p. ; _c23 cm. |
||
| 504 | _aIncluye bibliografía | ||
| 650 | 7 |
_2lemb _aMédicos _xNegligencia médica _zMéxico |
|
| 650 | 4 |
_aJuicio oral _zMéxico |
|
| 650 | 7 |
_2lemb _aMedicina legal |
|
| 942 |
_2lcc _cLIB |
||
| 999 |
_c82535 _d82535 |
||